[Event "RSA-chB"]
[Site "Cape Town"]
[Date "2019.12.09"]
[Round "3"]
[White "Jacobs, Cavan"]
[Black "Essop, Hishaam"]
[Result "1-0"]
[WhiteElo "1729"]
[BlackElo "1840"]
[PlyCount "122"]
[EventDate "2019.12.07"]
[EventType "swiss"]
[EventRounds "11"]
[EventCountry "RSA"]
[SourceTitle "CBM 193 Extra"]
[Source "ChessBase"]
[SourceDate "2020.01.31"]
[SourceVersion "1"]
[SourceVersionDate "2020.01.31"]
[SourceQuality "1"]

1. e4 e5 2. Nf3 Nc6 3. Bb5 a6 4. Ba4 Nf6 5. d3 b5 6. Bb3 Be7 7. 0-0 0-0 8. c3 d6 9. Re1 Na5 10. Bc2 c5 11. Nbd2 g6 12. Nf1 Nh5 13. d4 Qc7 14. Bh6 Rd8 15. Ne3 Be6 16. d5 Bd7 17. b3 c4 18. b4 Nb7 19. a4 a5 20. axb5 axb4 21. cxb4 Bxb5 22. Ba4 Bxa4 23. Rxa4 Nf4 24. Rxa8 Rxa8 25. Bxf4 exf4 26. Nc2 Bf6 27. Qc1 g5 28. h4 h6 29. Ncd4 c3 30. Nf5 c2 31. Nxh6+ Kf8 32. e5 dxe5 33. hxg5 Bh8 34. Qb2 Rc8 35. Rc1 Qc3 36. Qxc3 Rxc3 37. Ne1 Nd6 38. Rxc2 Rb3 39. Rc6 Ke7 40. Rxd6 Kxd6 41. Nxf7+ Kxd5 42. Nxh8 Rxb4 43. g6 Rb8 44. Nf7 Rg8 45. Nd3 Rxg6 46. Nfxe5 Rf6 47. Kf1 Kd4 48. Ke2 Re6 49. Kf3 Rxe5 50. Nxe5 Kxe5 51. Kg4 Ke4 52. f3+ Ke3 53. g3 fxg3 54. Kxg3 Kd4 55. Kg4 Kd5 56. Kf5 Kd6 57. Kf6 Kd7 58. Kf7 Kd6 59. f4 Kd5 60. f5 Ke5 61. f6 Kd6 1-0

[Event "RSA-chB"]
[Site "Cape Town"]
[Date "2019.12.08"]
[Round "2"]
[White "Klaaste, Chadley"]
[Black "Jacobs, Cavan"]
[Result "0-1"]
[WhiteElo "1468"]
[BlackElo "1729"]
[PlyCount "166"]
[EventDate "2019.12.07"]
[EventType "swiss"]
[EventRounds "11"]
[EventCountry "RSA"]
[SourceTitle "CBM 193 Extra"]
[Source "ChessBase"]
[SourceDate "2020.01.31"]
[SourceVersion "1"]
[SourceVersionDate "2020.01.31"]
[SourceQuality "1"]

1. e4 c5 2. Nf3 Nc6 3. d4 cxd4 4. Nxd4 Nf6 5. Nc3 e5 6. Ndb5 d6 7. Bg5 a6 8. Na3 b5 9. Nd5 Be7 10. Nxe7 Nxe7 11. Bxf6 gxf6 12. Qd2 Bb7 13. c4 bxc4 14. Nxc4 d5 15. Na5 Bc8 16. exd5 Qxd5 17. Qxd5 Nxd5 18. Rd1 Nb4 19. a3 Nc2+ 20. Kd2 Nd4 21. Bd3 Rg8 22. g3 Bg4 23. Rc1 Bf3 24. Rhe1 Rd8 25. Rc3 Nb5 26. Nc6 Rd6 27. Nxe5 fxe5 28. Rc8+ Rd8 29. Rxe5+ Kd7 30. Rxd8+ Rxd8 31. Bxb5+ axb5 32. Ke3 Bc6 33. Kf4 Re8 34. Rxe8 Kxe8 35. Ke5 Ke7 36. Kf5 f6 37. Kg4 Be8 38. Kf4 Ke6 39. Ke4 Bc6+ 40. Kf4 Bd5 41. Kg4 Kf7 42. h4 Kg6 43. Kf4 h6 44. Kg4 Be6+ 45. Kf4 Kf7 46. Ke4 Ke7 47. Kd4 Kd6 48. b4 Bb3 49. Ke4 Bc2+ 50. Kd4 h5 51. g4 hxg4 52. h5 Ke6 53. Kc5 Ba4 54. h6 Kf7 55. Kd6 Bc2 56. Kc5 Bd3 57. Kd4 Bf1 58. Ke4 Kg6 59. h7 Kxh7 60. Kf5 Kg7 61. Kxg4 Kg6 62. Kf4 Bc4 63. Ke4 Bb3 64. f4 f5+ 65. Ke5 Bc2 66. Ke6 Kh5 67. a4 bxa4 68. b5 Be4 69. b6 Kg4 70. Kd6 a3 71. Kc7 a2 72. Kd7 a1Q 73. Kc8 Qa8+ 74. Kd7 Qb7+ 75. Ke6 Qxb6+ 76. Ke5 Qc5+ 77. Ke6 Qd5+ 78. Ke7 Qc6 79. Kf7 Kh5 80. Kg7 Qd7+ 81. Kf6 Qd6+ 82. Kg7 Qe7+ 83. Kh8 Kh6 0-1

[Event "South African op"]
[Site "Durban"]
[Date "2017.07.15"]
[Round "2"]
[White "Jacobs, Cavan"]
[Black "Garach, Nithal"]
[Result "1-0"]
[WhiteElo "1692"]
[BlackElo "1522"]
[PlyCount "71"]
[EventDate "2017.07.14"]
[EventType "swiss"]
[EventRounds "11"]
[EventCountry "RSA"]
[SourceTitle "EXT 2018"]
[Source "ChessBase"]
[SourceDate "2017.10.13"]
[SourceVersion "1"]
[SourceVersionDate "2017.10.13"]
[SourceQuality "1"]

1. e4 e5 2. Nf3 Nc6 3. Bb5 a6 4. Ba4 Bc5 5. 0-0 d6 6. c3 b5 7. Bb3 Bg4 8. h3 Bh5 9. d3 h6 10. Nbd2 Nge7 11. Re1 Qd7 12. Nf1 0-0 13. Nxe5 Nxe5 14. Qxh5 Nxd3 15. Re2 Nxc1 16. Rxc1 Nc6 17. Rd1 Na5 18. Qxc5 Nxb3 19. axb3 dxc5 20. Rxd7 f6 21. Rxc7 Rfc8 22. Rxc8+ Rxc8 23. Rd2 Rc7 24. Ne3 Kf7 25. Rd6 Re7 26. f3 Re6 27. Rxe6 Kxe6 28. f4 a5 29. Nd5 Kd6 30. Kf2 f5 31. Ke3 g6 32. g4 h5 33. exf5 gxf5 34. gxh5 Ke6 35. Nc7+ Kf6 36. Nxb5 1-0

[Event "Johannesburg Gauteng op"]
[Site "Johannesburg"]
[Date "2017.05.04"]
[Round "2"]
[White "Tembo, Epah"]
[Black "Jacobs, Cavan"]
[Result "0-1"]
[WhiteElo "1807"]
[BlackElo "1652"]
[PlyCount "100"]
[EventDate "2017.05.03"]
[EventType "swiss"]
[EventRounds "7"]
[EventCountry "RSA"]
[SourceTitle "CBM 178 Extra"]
[Source "ChessBase"]
[SourceDate "2017.06.22"]
[SourceVersion "1"]
[SourceVersionDate "2017.06.22"]
[SourceQuality "1"]

1. c4 Nf6 2. g3 g6 3. Bg2 Bg7 4. Nc3 e5 5. e3 0-0 6. Nge2 c6 7. 0-0 d5 8. cxd5 cxd5 9. Qb3 d4 10. exd4 exd4 11. Nb5 d3 12. Nf4 a6 13. Na3 Bf5 14. Qxb7 Nbd7 15. Qxa8 Qxa8 16. Bxa8 Rxa8 17. Rb1 Ne5 18. f3 g5 19. Ng2 Bh3 20. f4 Neg4 21. b3 Ne4 22. Nc4 Bd4+ 23. Nce3 Rc8 24. Bb2 Bxe3+ 25. Nxe3 Nxe3 26. Rfc1 Nc2 27. Bc3 Bg4 28. Ba5 Rc6 29. fxg5 Be2 30. a4 Nxg5 31. h4 Ne4 32. Kh2 Rf6 33. Rb2 Rf2+ 34. Kg1 Rf5 35. Bc7 Nxd2 36. Rbxc2 dxc2 37. Bf4 Rxf4 38. Rxc2 Rd4 39. Kf2 Bg4 40. Ke3 Rd6 41. Rc3 Nf3 42. b4 Ne5 43. Kf4 f6 44. b5 axb5 45. axb5 Rd4+ 46. Ke3 Rb4 47. Rc5 h5 48. Rd5 Kf7 49. Kf2 Ke6 50. Rd2 Rxb5 0-1

[Event "RSA-ch U20"]
[Site "Bloemfontein"]
[Date "2016.03.21"]
[Round "2"]
[White "Jacobs, Cavan"]
[Black "Bezuidenhout, Roland Reinhold"]
[Result "0-1"]
[WhiteElo "1664"]
[BlackElo "2094"]
[PlyCount "84"]
[EventDate "2016.03.20"]
[EventType "swiss"]
[EventRounds "11"]
[EventCountry "RSA"]
[SourceTitle "CBM 171 Extra"]
[Source "ChessBase"]
[SourceDate "2016.04.26"]
[SourceVersion "1"]
[SourceVersionDate "2016.04.26"]
[SourceQuality "1"]

1. e4 e5 2. d4 exd4 3. Qxd4 Nc6 4. Qe3 Nf6 5. Nc3 Bb4 6. Bd2 0-0 7. 0-0-0 d6 8. Qg3 Ne5 9. f3 Ng6 10. h4 h5 11. Qh2 Ne5 12. g4 hxg4 13. h5 Nh7 14. f4 Nd7 15. f5 Ne5 16. Kb1 Bc5 17. Be2 Bd7 18. Bf4 Re8 19. Bxe5 Rxe5 20. h6 g5 21. fxg6 fxg6 22. Bc4+ Kh8 23. Nge2 Qg5 24. Rdf1 Nf6 25. Qf4 Qxf4 26. Nxf4 Rg5 27. Ng2 Bd4 28. Ne2 Be5 29. Bd3 Bc6 30. Ng3 d5 31. exd5 Bxd5 32. Rhg1 Bxg3 33. Rxf6 Bh2 34. Re1 Bxg2 35. Re2 Re5 36. Rff2 Bf3 37. Rxh2 Bxe2 38. Bxe2 g3 39. Rg2 Rf8 40. Bd1 Rf1 41. Kc1 Ree1 42. Rd2 Rxd1+ 0-1

[Event "RSA-chT Regions"]
[Site "Cape Town"]
[Date "2016.01.09"]
[Round "4.1"]
[White "Jacobs, Cavan"]
[Black "Maredi, Alex Donald Lebogan"]
[Result "0-1"]
[WhiteElo "1552"]
[BlackElo "1692"]
[PlyCount "80"]
[EventDate "2016.01.08"]
[EventType "team-swiss"]
[EventRounds "7"]
[EventCountry "RSA"]
[SourceTitle "CBM 170 Extra"]
[Source "ChessBase"]
[SourceDate "2016.02.25"]
[SourceVersion "1"]
[SourceVersionDate "2016.02.25"]
[SourceQuality "1"]
[WhiteTeam "Sedibeng"]
[BlackTeam "Tshwane Youth"]
[WhiteTeamCountry "RSA"]
[BlackTeamCountry "RSA"]

1. e4 c6 2. d4 d5 3. exd5 cxd5 4. c4 Nf6 5. Nc3 Nc6 6. Nf3 e6 7. c5 Be7 8. Bf4 0-0 9. a3 a5 10. Bd3 Nh5 11. Bg3 h6 12. 0-0 Nxg3 13. hxg3 Bf6 14. Bc2 e5 15. dxe5 Nxe5 16. Nxe5 Bxe5 17. Qd3 g6 18. Nxd5 Bf5 19. Qd2 Bxc2 20. Rae1 Re8 21. f4 Bb3 22. fxe5 Qxd5 23. Qxh6 Qxc5+ 24. Rf2 Rxe5 25. Rc1 Qd4 26. Qh3 Rf5 27. Rcf1 Bc4 28. g4 Rf4 29. Qh2 Rf6 30. Qh4 Rxf2 31. Rxf2 Re8 32. Kh2 Qe5+ 33. g3 Qe1 34. Qf6 Bd5 35. Rf1 Re2+ 36. Kh3 Bg2+ 37. Kh4 Qxf1 38. Qd8+ Kg7 39. Qxa5 Qh1+ 40. Kg5 Qh6# 0-1